Zmeny rozhodujúcich faktorov rozvoja
Zo správy Svetovej banky poskytujúcej prehľad o rozvojovej politike Slovenska. Zdroje ekonomického rastu. Zdroje narastania dopytu. Zamestnanosť, mzdy, produktivita. Program sociálnej pomoci. Dva scenáre dopadu deficitu verejnej správy a verejného dlhu v r. 2001-2009.
Salvato in:
| Natura: | Capitolo di libro |
|---|---|
| Lingua: | slovacco |
| Soggetti: | |
| Tags: |
Nessun Tag, puoi essere il primo ad aggiungerne!!
|
MARC
| LEADER | 00000naa a2200000 4500 | ||
|---|---|---|---|
| 001 | r047895 | ||
| 005 | 20230927091658.2 | ||
| 041 | 0 | |a slo | |
| 044 | |a SK | ||
| 245 | 1 | 0 | |a Zmeny rozhodujúcich faktorov rozvoja |
| 520 | |a Zo správy Svetovej banky poskytujúcej prehľad o rozvojovej politike Slovenska. Zdroje ekonomického rastu. Zdroje narastania dopytu. Zamestnanosť, mzdy, produktivita. Program sociálnej pomoci. Dva scenáre dopadu deficitu verejnej správy a verejného dlhu v r. 2001-2009. | ||
| 610 | 2 | 0 | |a rozvoj hospodársky |
| 610 | 2 | 0 | |a rast hospodársky |
| 610 | 2 | 0 | |a dopyt |
| 610 | 2 | 0 | |a zamestnanosť |
| 610 | 2 | 0 | |a mzdy |
| 610 | 2 | 0 | |a produktivita |
| 610 | 2 | 0 | |a pomoc sociálna |
| 610 | 2 | 0 | |a Slovensko |
| 610 | 2 | 0 | |a Svetová banka |